Inteligentné mestá – budúcnosť miest v Európe
Predstavenie konceptu inteligentných miest, ktorý Európska komisia a Európsky parlament vnímajú ako kľúčové prvky pre budúcnosť Európskej únie. Iniciatíva Inteligentné mestá (smart cities) z roku 2009. Európske inovačné partnerstvo pre inteligentné mestá a spoločenstvá (European Innovation Partnersh...
Gespeichert in:
| 1. Verfasser: | |
|---|---|
| Format: | Buchkapitel |
| Sprache: | Slowakisch |
| Schlagworte: | |
| Tags: |
Keine Tags, Fügen Sie das erste Tag hinzu!
|
MARC
| LEADER | 00000nla a2200000 4500 | ||
|---|---|---|---|
| 001 | 0239514 | ||
| 005 | 20240502073901.2 | ||
| 041 | 0 | |a slo | |
| 044 | |a SK | ||
| 245 | 1 | 0 | |a Inteligentné mestá – budúcnosť miest v Európe |c Oľga Škvarčeková |
| 520 | |a Predstavenie konceptu inteligentných miest, ktorý Európska komisia a Európsky parlament vnímajú ako kľúčové prvky pre budúcnosť Európskej únie. Iniciatíva Inteligentné mestá (smart cities) z roku 2009. Európske inovačné partnerstvo pre inteligentné mestá a spoločenstvá (European Innovation Partnership on Smart Cities and Communities Innovation Partnership on Smart Cities and Communities – EIP-SCC) z roku 2012. Dohovor primátorov a starostov (Covenant of Mayors) z roku 2008. | ||
| 610 | 2 | 0 | |a technológie nové |
| 610 | 2 | 0 | |a technológie informačné |
| 610 | 2 | 0 | |a technológie komunikačné |
| 610 | 2 | 0 | |a technológie inteligentné |
| 610 | 2 | 0 | |a mestá inteligentné |
| 610 | 2 | 0 | |a inovácia |
| 610 | 2 | 0 | |a konkurencieschopnosť |
| 610 | 2 | 0 | |a rozvoj trvalo udržateľný |
| 610 | 2 | 0 | |a kvalita života |
| 610 | 2 | 0 | |a Európska únia |
| 610 | 2 | 0 | |a doprava |
| 610 | 2 | 0 | |a energetika |
| 610 | 2 | 0 | |a efektívnosť |
| 100 | 1 | |a Škvarčeková, Oľga | |